Heed this judgment! (Record no. 69751)

MARC details
000 -LEADER
fixed length control field 01261cam a2200193 4500
001 - CONTROL NUMBER
control field ABS65078
008 - FIXED-LENGTH DATA ELEMENTS--GENERAL INFORMATION
fixed length control field 020308n2002 000 0 eng u
035 ## - SYSTEM CONTROL NUMBER
System control number (Sirsi) u117070
100 ## - MAIN ENTRY--PERSONAL NAME
Personal name Ley, A.
245 ## - TITLE STATEMENT
Title Heed this judgment!
260 ## - PUBLICATION, DISTRIBUTION, ETC.
Date of publication, distribution, etc. 2002
490 ## - SERIES STATEMENT
Series statement Building Control
Volume/sequential designation (127) February 2002, 16-17(2)
520 ## - SUMMARY, ETC.
Summary, etc. Looks at the information that should be given by an approved inspector to a local authority when submitting an initial notice. Highlights appeal between "Butler and Young v Carrick DC" (Truro Crown Court, unreported) which followed the dismissal of an appeal by an magistrates court on a refusal by Carrick DC to accept an initial notice. Concludes that information on the initial notice was adequate to meet requirements of the Building Regulations 1984, concerning the understanding of duty of a local authority in enforcing building regulations. Consequently the court found against the council and it was ordered to issue a formal acceptance of the Initial Notice and to correct the register. Warns councils to be warned by this judgment.
590 ## - LOCAL NOTE (RLIN)
Local note ABS
650 ## - SUBJECT ADDED ENTRY--TOPICAL TERM
Topical term or geographic name entry element BUTLER AND YOUNG V CARRICK DC
650 ## - SUBJECT ADDED ENTRY--TOPICAL TERM
Topical term or geographic name entry element BUILDING ACT 1984 S91
690 ## - LOCAL SUBJECT ADDED ENTRY--TOPICAL TERM (OCLC, RLIN)
Topical term or geographic name as entry element BUILDING AND CONSTRUCTION-REGULATION AND COTROL-CASE LAW
942 ## - ADDED ENTRY ELEMENTS (KOHA)
Suppress in OPAC 0
Holdings
Withdrawn status Lost status Source of classification or shelving scheme Damaged status Not for loan Home library Current library Shelving location Date acquired Total Checkouts Full call number Barcode Date last seen Copy number Price effective from Koha item type
    Dewey Decimal Classification     London London Journal article 08/03/2002   ABS65078 117070-1001 06/08/2019 1 06/08/2019 Journal article